[Event "Greek Team Championship"]
[Site "chess24.com"]
[Date "2017.07.05"]
[Round "4"]
[White "Sandalakis, Angelos"]
[Black "Papageorgiou, Ioannis"]
[Result "1-0"]
[Board "2"]
[WhiteElo "2446"]
[WhiteTitle "IM"]
[WhiteCountry "GRE"]
[WhiteFideId "4207645"]
[WhiteEloChange "1"]
[BlackElo "1980"]
[BlackCountry "GRE"]
[BlackFideId "4220056"]
[BlackEloChange "-2"]

1. e4 {[%clk 1:30:15]} c5 {[%clk 1:30:40]} 2. Nf3 {[%clk 1:30:06]} e6 {[%clk
1:30:43]} 3. d4 {[%clk 1:30:19]} cxd4 {[%clk 1:30:53]} 4. Nxd4 {[%clk 1:30:44]}
Nf6 {[%clk 1:29:17]} 5. Nc3 {[%clk 1:31:04]} d6 {[%clk 1:29:21]} 6. Be2 {[%clk
1:26:45]} a6 {[%clk 1:28:24]} 7. O-O {[%clk 1:27:04]} Be7 {[%clk 1:28:39]} 8. f4
{[%clk 1:27:25]} Nbd7 {[%clk 1:28:41]} 9. a4 {[%clk 1:26:07]} b6 {[%clk 1:28:10]}
10. Nc6 {[%clk 1:23:46]} Qc7 {[%clk 1:28:31]} 11. Nxe7 {[%clk 1:24:05]} Kxe7
{[%clk 1:28:57]} 12. Bf3 {[%clk 1:23:21]} Bb7 {[%clk 1:29:19]} 13. Qe2 {[%clk
1:23:21]} Rhe8 {[%clk 1:23:32]} 14. e5 {[%clk 1:16:54]} Nd5 {[%clk 1:17:27]} 15.
Bxd5 {[%clk 1:06:28]} Bxd5 {[%clk 1:17:31]} 16. Nxd5+ {[%clk 1:06:26]} exd5
{[%clk 1:17:41]} 17. Ra3 {[%clk 1:00:19]} Kf8 {[%clk 0:41:21]} 18. Rc3 {[%clk
0:59:39]} Qd8 {[%clk 0:31:26]} 19. Qd3 {[%clk 0:54:34]} Kg8 {[%clk 0:30:38]} 20.
exd6 {[%clk 0:37:53]} Nf6 {[%clk 0:28:20]} 21. Rc6 {[%clk 0:35:10]} Rc8 {[%clk
0:21:49]} 22. Rxc8 {[%clk 0:33:44]} Qxc8 {[%clk 0:22:17]} 23. Be3 {[%clk
0:32:11]} b5 {[%clk 0:21:42]} 24. Bd4 {[%clk 0:29:57]} Ne4 {[%clk 0:18:17]} 25.
axb5 {[%clk 0:28:21]} axb5 {[%clk 0:09:14]} 26. Qxb5 {[%clk 0:27:52]} Qa8 {[%clk
0:08:52]} 27. d7 {[%clk 0:21:21]} Rd8 {[%clk 0:09:09]} 28. b4 {[%clk 0:18:58]}
Nd6 {[%clk 0:05:56]} 29. Qa5 {[%clk 0:18:25]} Qxa5 {[%clk 0:06:10]} 30. bxa5
{[%clk 0:18:50]} Rxd7 {[%clk 0:06:10]} 31. a6 {[%clk 0:19:07]} f6 {[%clk
0:04:04]} 32. a7 {[%clk 0:19:21]} Rd8 {[%clk 0:04:20]} 33. Rb1 {[%clk 0:19:43]}
1-0

[Event "Greek Team Championship"]
[Site "chess24.com"]
[Date "2017.07.05"]
[Round "4"]
[White "Georgiadis, Alexandros"]
[Black "Santagati, Alessandro"]
[Result "0-1"]
[Board "3"]
[WhiteElo "1947"]
[WhiteCountry "GRE"]
[WhiteFideId "4206487"]
[WhiteEloChange "-2"]
[BlackElo "2315"]
[BlackTitle "FM"]
[BlackCountry "ITA"]
[BlackFideId "814644"]
[BlackEloChange "2"]

1. d4 {[%clk 1:30:58]} d5 {[%clk 1:30:45]} 2. c4 {[%clk 1:31:09]} c6 {[%clk
1:30:37]} 3. cxd5 {[%clk 1:31:31]} cxd5 {[%clk 1:30:58]} 4. Bg5 {[%clk 1:31:51]}
h6 {[%clk 1:24:53]} 5. Bh4 {[%clk 1:32:13]} Qb6 {[%clk 1:23:12]} 6. Nc3 {[%clk
1:24:25]} e6 {[%clk 1:21:32]} 7. a3 {[%clk 1:18:39]} Qxb2 {[%clk 1:12:23]} 8. Na4
{[%clk 1:18:20]} Qb5 {[%clk 1:12:30]} 9. Nf3 {[%clk 1:13:59]} Bd7 {[%clk
1:08:17]} 10. Nc3 {[%clk 1:10:23]} Qb2 {[%clk 1:05:55]} 11. Qc1 {[%clk 0:59:58]}
Qxc1+ {[%clk 1:02:27]} 12. Rxc1 {[%clk 1:00:20]} Bxa3 {[%clk 1:00:57]} 13. Rb1
{[%clk 0:58:13]} Na6 {[%clk 0:54:11]} 14. Nb5 {[%clk 0:50:32]} Bxb5 {[%clk
0:53:27]} 15. Rxb5 {[%clk 0:50:56]} b6 {[%clk 0:51:55]} 16. Rb3 {[%clk 0:50:47]}
Bb4+ {[%clk 0:52:02]} 17. Kd1 {[%clk 0:51:11]} Bd6 {[%clk 0:51:06]} 18. e4 {[%clk
0:39:59]} Nc7 {[%clk 0:47:59]} 19. e5 {[%clk 0:39:00]} Be7 {[%clk 0:47:03]} 20.
Bg3 {[%clk 0:39:24]} Bd8 {[%clk 0:46:45]} 21. Bf4 {[%clk 0:38:16]} Ne7 {[%clk
0:45:27]} 22. Bd3 {[%clk 0:38:30]} Nc6 {[%clk 0:43:57]} 23. Bd2 {[%clk 0:37:56]}
Rb8 {[%clk 0:43:20]} 24. Ke2 {[%clk 0:37:10]} b5 {[%clk 0:42:03]} 25. Rhb1 {[%clk
0:37:04]} a6 {[%clk 0:42:19]} 26. g4 {[%clk 0:34:55]} Kd7 {[%clk 0:41:26]} 27. h4
{[%clk 0:34:07]} Be7 {[%clk 0:41:14]} 28. Ra1 {[%clk 0:33:24]} b4 {[%clk
0:39:47]} 29. h5 {[%clk 0:33:50]} a5 {[%clk 0:38:40]} 30. Bc1 {[%clk 0:32:42]}
Na8 {[%clk 0:37:04]} 31. Bb2 {[%clk 0:31:35]} Nb6 {[%clk 0:36:51]} 32. Bb5 {[%clk
0:31:42]} Nc4 {[%clk 0:36:30]} 33. Ba4 {[%clk 0:31:57]} Rhc8 {[%clk 0:35:35]} 34.
Kd3 {[%clk 0:32:06]} Kc7 {[%clk 0:34:00]} 35. Nd2 {[%clk 0:30:08]} Kb7 {[%clk
0:32:50]} 36. f4 {[%clk 0:24:27]} Na7 {[%clk 0:31:36]} 37. Bc1 {[%clk 0:22:35]}
Nb6 {[%clk 0:30:53]} 38. Bb2 {[%clk 0:22:49]} Rc7 {[%clk 0:30:21]} 39. Nf3 {[%clk
0:21:44]} Rbc8 {[%clk 0:30:14]} 40. Ne1 {[%clk 0:52:07]} Ka6 {[%clk 0:58:14]} 41.
Ke2 {[%clk 0:46:47]} Nxa4 {[%clk 0:57:01]} 42. Rxa4 {[%clk 0:47:12]} Kb5 {[%clk
0:57:08]} 43. Ra1 {[%clk 0:47:24]} a4 {[%clk 0:56:59]} 44. Rf3 {[%clk 0:47:23]}
Rc2+ {[%clk 0:56:06]} 0-1

[Event "Greek Team Championship"]
[Site "chess24.com"]
[Date "2017.07.05"]
[Round "4"]
[White "Sandalakis, Nikolaos"]
[Black "Benatsis, Alexandros"]
[Result "1-0"]
[Board "4"]
[WhiteElo "2229"]
[WhiteCountry "GRE"]
[WhiteFideId "4222890"]
[WhiteEloChange "2"]
[BlackElo "1630"]
[BlackCountry "GRE"]
[BlackFideId "4237382"]
[BlackEloChange "-2"]

1. e4 {[%clk 1:30:40]} d5 {[%clk 1:30:52]} 2. exd5 {[%clk 1:28:47]} Nf6 {[%clk
1:30:32]} 3. Bb5+ {[%clk 1:28:12]} Bd7 {[%clk 1:30:51]} 4. Be2 {[%clk 1:28:19]}
Nxd5 {[%clk 1:29:55]} 5. d4 {[%clk 1:28:37]} Bf5 {[%clk 1:26:35]} 6. Nf3 {[%clk
1:28:27]} e6 {[%clk 1:26:06]} 7. O-O {[%clk 1:25:59]} Be7 {[%clk 1:23:45]} 8. a3
{[%clk 1:24:40]} O-O {[%clk 1:23:29]} 9. h3 {[%clk 1:19:00]} a6 {[%clk 1:21:48]}
10. c4 {[%clk 1:19:25]} Nb6 {[%clk 1:21:56]} 11. Nc3 {[%clk 1:19:07]} Bf6 {[%clk
1:20:28]} 12. Be3 {[%clk 1:19:25]} Nc6 {[%clk 1:19:58]} 13. b4 {[%clk 1:17:32]}
Qd7 {[%clk 1:08:12]} 14. Ra2 {[%clk 1:17:02]} Rad8 {[%clk 1:05:24]} 15. Rd2
{[%clk 1:17:12]} Qc8 {[%clk 1:03:37]} 16. Qb3 {[%clk 1:08:14]} e5 {[%clk
0:59:03]} 17. d5 {[%clk 0:56:29]} Ne7 {[%clk 0:57:30]} 18. c5 {[%clk 0:45:37]}
Nd7 {[%clk 0:55:30]} 19. Ng5 {[%clk 0:37:08]} Bg6 {[%clk 0:51:08]} 20. Nge4
{[%clk 0:25:15]} Nf5 {[%clk 0:50:23]} 21. c6 {[%clk 0:20:25]} bxc6 {[%clk
0:49:23]} 22. dxc6 {[%clk 0:20:27]} Nb8 {[%clk 0:49:17]} 23. Nd5 {[%clk 0:12:56]}
Nxc6 {[%clk 0:47:57]} 24. Rc1 {[%clk 0:11:23]} Rxd5 {[%clk 0:38:05]} 25. Nxf6+
{[%clk 0:09:25]} gxf6 {[%clk 0:38:03]} 26. Qxd5 {[%clk 0:07:52]} Ncd4 {[%clk
0:35:22]} 27. Bxd4 {[%clk 0:04:49]} Nxd4 {[%clk 0:34:50]} 28. Qc4 {[%clk
0:02:24]} Rd8 {[%clk 0:34:15]} 29. Qc3 {[%clk 0:00:43]} Qe6 {[%clk 0:32:39]} 30.
Bf1 {[%clk 0:00:32]} Rd6 {[%clk 0:31:01]} 31. Kh1 {[%clk 0:00:44]} Be4 {[%clk
0:29:01]} 32. Qg3+ {[%clk 0:01:03]} Kf8 {[%clk 0:28:03]} 33. Qe3 {[%clk 0:00:54]}
Bc6 {[%clk 0:26:13]} 34. Kg1 {[%clk 0:00:57]} Qf5 {[%clk 0:24:14]} 35. Rcd1
{[%clk 0:00:45]} Qg6 {[%clk 0:22:15]} 36. Qg3 {[%clk 0:00:43]} Qh6 {[%clk
0:20:59]} 37. Qe3 {[%clk 0:01:06]} Qg6 {[%clk 0:20:12]} 38. Qg3 {[%clk 0:01:33]}
Qh6 {[%clk 0:20:30]} 39. Kh1 {[%clk 0:00:36]} Nf5 {[%clk 0:18:34]} 40. Qc3 {[%clk
0:30:50]} Nd4 {[%clk 0:47:59]} 41. Rd3 {[%clk 0:24:10]} Ke7 {[%clk 0:40:51]} 42.
Qd2 {[%clk 0:21:54]} Qh4 {[%clk 0:38:45]} 43. f4 {[%clk 0:17:34]} Kd7 {[%clk
0:30:07]} 44. fxe5 {[%clk 0:16:18]} fxe5 {[%clk 0:30:18]} 45. Qe1 {[%clk
0:16:13]} Qe7 {[%clk 0:27:46]} 46. Rg3 {[%clk 0:12:42]} f5 {[%clk 0:20:43]} 47.
Rg8 {[%clk 0:08:23]} Bb7 {[%clk 0:19:39]} 48. Qg3 {[%clk 0:07:59]} Rg6 {[%clk
0:15:59]} 49. Rxg6 {[%clk 0:07:49]} hxg6 {[%clk 0:16:24]} 50. Qxg6 {[%clk
0:07:57]} a5 {[%clk 0:16:29]} 51. Qxf5+ {[%clk 0:07:18]} Kd8 {[%clk 0:16:15]} 52.
bxa5 {[%clk 0:07:01]} c5 {[%clk 0:13:20]} 53. Qg6 {[%clk 0:06:07]} Kc7 {[%clk
0:12:35]} 54. Qb6+ {[%clk 0:06:17]} Kc8 {[%clk 0:12:37]} 55. a6 {[%clk 0:05:44]}
Be4 {[%clk 0:12:18]} 56. a7 {[%clk 0:05:31]} Qb7 {[%clk 0:12:29]} 57. Ba6 {[%clk
0:05:11]} 1-0

[Event "Greek Team Championship"]
[Site "chess24.com"]
[Date "2017.07.05"]
[Round "4"]
[White "Gioutsou, Miranta"]
[Black "Vitzileou, Fedra"]
[Result "1-0"]
[Board "7"]
[WhiteElo "1294"]
[WhiteCountry "GRE"]
[WhiteFideId "25838296"]
[WhiteEloChange "9"]
[BlackElo "1271"]
[BlackCountry "GRE"]
[BlackFideId "4296575"]
[BlackEloChange "-9"]

1. e4 {[%clk 1:30:58]} c5 {[%clk 1:30:55]} 2. Nf3 {[%clk 1:31:24]} Nc6 {[%clk
1:31:20]} 3. c3 {[%clk 1:31:49]} g6 {[%clk 1:31:26]} 4. d4 {[%clk 1:32:11]} cxd4
{[%clk 1:31:43]} 5. cxd4 {[%clk 1:32:35]} d6 {[%clk 1:31:41]} 6. Nc3 {[%clk
1:32:48]} Bg7 {[%clk 1:31:49]} 7. Bc4 {[%clk 1:32:51]} Nf6 {[%clk 1:31:09]} 8.
Bb3 {[%clk 1:32:22]} O-O {[%clk 1:30:12]} 9. O-O {[%clk 1:32:44]} Bd7 {[%clk
1:26:12]} 10. Re1 {[%clk 1:31:55]} Ne8 {[%clk 1:22:23]} 11. Be3 {[%clk 1:31:08]}
Nc7 {[%clk 1:21:21]} 12. Qd2 {[%clk 1:30:42]} a5 {[%clk 1:19:32]} 13. Bh6 {[%clk
1:30:46]} b5 {[%clk 1:17:13]} 14. Bxg7 {[%clk 1:30:24]} Kxg7 {[%clk 1:17:35]} 15.
Rad1 {[%clk 1:28:42]} a4 {[%clk 1:13:24]} 16. Bc2 {[%clk 1:28:38]} Qb8 {[%clk
1:08:47]} 17. d5 {[%clk 1:25:11]} Na5 {[%clk 1:05:25]} 18. e5 {[%clk 1:21:47]}
dxe5 {[%clk 1:04:32]} 19. Nxe5 {[%clk 1:22:03]} Be8 {[%clk 1:02:37]} 20. Qd4
{[%clk 1:21:38]} f6 {[%clk 0:59:49]} 21. Nd3 {[%clk 1:21:21]} Qd8 {[%clk
0:57:25]} 22. Qc5 {[%clk 1:19:25]} Rf7 {[%clk 0:55:44]} 23. Nb4 {[%clk 1:19:23]}
Qd6 {[%clk 0:53:52]} 24. Qxd6 {[%clk 1:18:53]} exd6 {[%clk 0:54:14]} 25. Re2
{[%clk 1:16:37]} Bd7 {[%clk 0:49:50]} 26. Rde1 {[%clk 1:16:38]} Re8 {[%clk
0:49:25]} 27. Ne4 {[%clk 1:16:31]} Rfe7 {[%clk 0:48:34]} 28. Kf1 {[%clk 1:16:25]}
Nb7 {[%clk 0:46:54]} 29. a3 {[%clk 1:09:41]} f5 {[%clk 0:42:54]} 30. Nc3 {[%clk
1:09:57]} Rxe2 {[%clk 0:43:12]} 31. Rxe2 {[%clk 1:10:22]} Rxe2 {[%clk 0:43:14]}
32. Kxe2 {[%clk 1:10:43]} Kf6 {[%clk 0:42:18]} 33. f4 {[%clk 1:11:05]} Nc5 {[%clk
0:41:01]} 34. Ke3 {[%clk 1:10:12]} N5a6 {[%clk 0:38:48]} 35. Nxa6 {[%clk
1:10:14]} Nxa6 {[%clk 0:39:12]} 36. Bd3 {[%clk 1:09:43]} Nc7 {[%clk 0:39:11]} 37.
Kd4 {[%clk 1:09:10]} Ke7 {[%clk 0:38:59]} 38. Be2 {[%clk 1:08:34]} Kf7 {[%clk
0:34:23]} 39. Bf3 {[%clk 1:07:25]} Na6 {[%clk 0:33:40]} 40. Na2 {[%clk 1:37:16]}
Nc5 {[%clk 1:01:28]} 41. Kc3 {[%clk 1:36:54]} Na6 {[%clk 1:01:07]} 42. Nb4 {[%clk
1:37:09]} Nc7 {[%clk 1:00:32]} 43. Nc6 {[%clk 1:36:39]} Bxc6 {[%clk 0:59:32]} 44.
dxc6 {[%clk 1:36:58]} Ke6 {[%clk 0:57:44]} 45. Kb4 {[%clk 1:36:25]} d5 {[%clk
0:57:06]} 46. Kc5 {[%clk 1:36:36]} h6 {[%clk 0:57:17]} 47. Kb6 {[%clk 1:36:48]}
Kd6 {[%clk 0:57:23]} 48. Be2 {[%clk 1:34:50]} d4 {[%clk 0:57:24]} 49. g3 {[%clk
1:33:37]} h5 {[%clk 0:55:08]} 50. h4 {[%clk 1:33:36]} Kd5 {[%clk 0:55:26]} 51.
Kxc7 {[%clk 1:33:58]} 1-0

[Event "Greek Team Championship"]
[Site "chess24.com"]
[Date "2017.07.05"]
[Round "4"]
[White "Rousos, Stamatios"]
[Black "Bebis, Epaminondas-Alexandros"]
[Result "0-1"]
[Board "8"]
[WhiteElo "1857"]
[WhiteCountry "GRE"]
[WhiteFideId "4277007"]
[WhiteEloChange "-18"]
[BlackElo "1514"]
[BlackCountry "GRE"]
[BlackFideId "4262930"]
[BlackEloChange "18"]

1. e4 {[%clk 1:30:30]} c6 {[%clk 1:30:30]} 2. Nc3 {[%clk 1:30:30]} d5 {[%clk
1:30:30]} 3. Nf3 {[%clk 1:30:30]} Nf6 {[%clk 1:30:30]} 4. e5 {[%clk 1:30:30]} Ne4
{[%clk 1:30:30]} 5. d4 {[%clk 1:30:30]} Nxc3 {[%clk 1:30:30]} 6. bxc3 {[%clk
1:30:30]} c5 {[%clk 1:30:30]} 7. Bd3 {[%clk 1:30:30]} c4 {[%clk 1:30:30]} 8. Be2
{[%clk 1:30:30]} Qa5 {[%clk 1:30:30]} 9. Bd2 {[%clk 1:30:30]} e6 {[%clk 1:30:30]}
10. O-O {[%clk 1:30:30]} Nd7 {[%clk 1:30:30]} 11. Kh1 {[%clk 1:30:30]} Ba3 {[%clk
1:30:30]} 12. Rb1 {[%clk 1:30:30]} Nb6 {[%clk 1:30:30]} 13. Ng1 {[%clk 1:30:30]}
Na4 {[%clk 1:30:30]} 14. Bg4 {[%clk 1:30:30]} h5 {[%clk 1:30:30]} 15. Bxh5 {[%clk
1:30:30]} Bb2 {[%clk 1:30:30]} 16. Qg4 {[%clk 1:30:30]} Qc7 {[%clk 1:30:30]} 17.
Qxg7 {[%clk 1:30:30]} Rxh5 {[%clk 1:30:30]} 18. Qg8+ {[%clk 1:30:30]} Ke7 {[%clk
1:30:30]} 19. Bg5+ {[%clk 1:30:30]} Rxg5 {[%clk 1:30:30]} 20. Qxg5+ {[%clk
1:30:30]} Kd7 {[%clk 1:30:30]} 21. h4 {[%clk 1:30:30]} Qd8 {[%clk 1:30:30]} 22.
Qf4 {[%clk 1:30:30]} Qf8 {[%clk 1:30:30]} 23. Nh3 {[%clk 1:30:30]} Kc6 {[%clk
1:30:30]} 24. Rfe1 {[%clk 1:30:30]} Bxc3 {[%clk 1:30:30]} 25. Rg1 {[%clk
1:30:30]} Ba5 {[%clk 1:30:30]} 26. Qg4 {[%clk 1:30:30]} Bd7 {[%clk 1:30:30]} 27.
h5 {[%clk 1:30:30]} Bd2 {[%clk 1:30:30]} 28. Qf3 {[%clk 1:30:30]} Nc3 {[%clk
1:30:30]} 29. Ra1 {[%clk 1:30:30]} Nb5 {[%clk 1:30:30]} 30. Qg4 {[%clk 1:30:30]}
Qh6 {[%clk 1:30:30]} 31. a4 {[%clk 1:30:30]} Nc3 {[%clk 1:30:30]} 32. Qf3 {[%clk
1:30:30]} Rh8 {[%clk 1:30:30]} 33. g4 {[%clk 1:30:30]} Ne4 {[%clk 1:30:30]} 34.
Qxf7 {[%clk 1:30:30]} Rf8 {[%clk 1:30:30]} 35. Qe7 {[%clk 1:30:30]} Rf3 {[%clk
1:30:30]} 36. Kg2 {[%clk 1:30:30]} Rxh3 {[%clk 1:30:30]} 37. Kxh3 {[%clk
1:30:30]} Qf4 {[%clk 1:30:30]} 38. Raf1 {[%clk 1:30:30]} Ng5+ {[%clk 1:30:30]}
0-1

[Event "Greek Team Championship"]
[Site "chess24.com"]
[Date "2017.07.05"]
[Round "4"]
[White "Papadopoulos, Panteleimon"]
[Black "Gioutsos, Vasileios"]
[Result "0-1"]
[Board "10"]
[WhiteElo "1355"]
[WhiteCountry "GRE"]
[WhiteFideId "25831143"]
[WhiteEloChange "-13"]
[BlackElo "1231"]
[BlackCountry "GRE"]
[BlackFideId "25832883"]
[BlackEloChange "13"]

1. e4 {[%clk 1:30:51]} e5 {[%clk 1:30:44]} 2. Nf3 {[%clk 1:30:14]} Nc6 {[%clk
1:30:29]} 3. d4 {[%clk 1:29:30]} exd4 {[%clk 1:30:30]} 4. Nxd4 {[%clk 1:29:17]}
Bc5 {[%clk 1:30:03]} 5. Be3 {[%clk 1:28:30]} Qf6 {[%clk 1:29:33]} 6. c3 {[%clk
1:27:31]} Nge7 {[%clk 1:28:55]} 7. Bc4 {[%clk 1:25:09]} Ne5 {[%clk 1:28:41]} 8.
Bb3 {[%clk 1:23:21]} Qg6 {[%clk 1:27:27]} 9. O-O {[%clk 1:15:54]} O-O {[%clk
1:26:35]} 10. Nd2 {[%clk 1:04:33]} d6 {[%clk 1:24:03]} 11. f4 {[%clk 1:01:34]}
Qh6 {[%clk 1:18:19]} 12. Qe2 {[%clk 0:57:29]} Ng4 {[%clk 1:17:15]} 13. h3 {[%clk
0:54:19]} Nxe3 {[%clk 1:17:06]} 14. Qxe3 {[%clk 0:54:21]} Be6 {[%clk 1:12:46]}
15. Kh2 {[%clk 0:48:52]} Bxb3 {[%clk 1:09:48]} 16. N2xb3 {[%clk 0:47:30]} Bb6
{[%clk 1:09:36]} 17. Qf3 {[%clk 0:44:09]} c6 {[%clk 1:03:40]} 18. Rae1 {[%clk
0:42:19]} Rae8 {[%clk 1:02:16]} 19. Qg4 {[%clk 0:41:11]} Rd8 {[%clk 0:56:42]} 20.
e5 {[%clk 0:38:06]} dxe5 {[%clk 0:56:05]} 21. Rxe5 {[%clk 0:36:20]} Nd5 {[%clk
0:54:47]} 22. g3 {[%clk 0:32:45]} Rfe8 {[%clk 0:51:37]} 23. Rfe1 {[%clk 0:30:48]}
Rxe5 {[%clk 0:50:35]} 24. fxe5 {[%clk 0:28:27]} a5 {[%clk 0:42:52]} 25. a4 {[%clk
0:23:31]} Ne7 {[%clk 0:39:13]} 26. e6 {[%clk 0:21:51]} Qf6 {[%clk 0:35:33]} 27.
exf7+ {[%clk 0:19:34]} Qxf7 {[%clk 0:35:26]} 28. Qe6 {[%clk 0:18:13]} Qxe6 {[%clk
0:34:09]} 29. Rxe6 {[%clk 0:18:14]} Kf7 {[%clk 0:34:07]} 30. Re5 {[%clk 0:17:34]}
Bxd4 {[%clk 0:32:09]} 31. cxd4 {[%clk 0:15:12]} b6 {[%clk 0:31:40]} 32. Re4
{[%clk 0:14:26]} g5 {[%clk 0:30:33]} 33. Nd2 {[%clk 0:13:50]} Nf5 {[%clk
0:29:11]} 34. Nf3 {[%clk 0:13:07]} Kf6 {[%clk 0:29:09]} 35. g4 {[%clk 0:12:24]}
Nd6 {[%clk 0:27:55]} 36. Re5 {[%clk 0:12:01]} h6 {[%clk 0:27:30]} 37. d5 {[%clk
0:10:54]} cxd5 {[%clk 0:27:40]} 38. Rxd5 {[%clk 0:10:59]} Ke6 {[%clk 0:24:51]}
39. Rd4 {[%clk 0:10:08]} Rc8 {[%clk 0:24:11]} 40. b4 {[%clk 0:39:16]} Rc2+ {[%clk
0:53:02]} 41. Kg1 {[%clk 0:38:29]} Rc4 {[%clk 0:52:38]} 42. Rxc4 {[%clk 0:36:29]}
Nxc4 {[%clk 0:53:01]} 43. bxa5 {[%clk 0:36:36]} bxa5 {[%clk 0:53:22]} 44. Nd4+
{[%clk 0:36:56]} Ke5 {[%clk 0:52:07]} 45. Nf5 {[%clk 0:35:46]} Nb2 {[%clk
0:52:18]} 46. Nxh6 {[%clk 0:35:52]} Nxa4 {[%clk 0:52:44]} 47. Nf7+ {[%clk
0:36:05]} Kf4 {[%clk 0:53:09]} 48. Kg2 {[%clk 0:34:40]} Nc3 {[%clk 0:53:22]} 49.
Nd6 {[%clk 0:29:01]} a4 {[%clk 0:53:40]} 50. Nc4 {[%clk 0:25:08]} Nb5 {[%clk
0:53:05]} 51. Na5 {[%clk 0:24:11]} a3 {[%clk 0:53:14]} 52. Nb3 {[%clk 0:24:25]}
a2 {[%clk 0:53:26]} 53. Na1 {[%clk 0:24:44]} Nd4 {[%clk 0:53:35]} 54. Kf2 {[%clk
0:24:16]} Nf3 {[%clk 0:53:45]} 55. Kg2 {[%clk 0:22:51]} Ne5 {[%clk 0:54:08]} 56.
Kf2 {[%clk 0:22:04]} Nxg4+ {[%clk 0:53:56]} 57. hxg4 {[%clk 0:22:21]} Kxg4 {[%clk
0:54:20]} 58. Kg2 {[%clk 0:22:32]} Kf4 {[%clk 0:54:44]} 59. Kf1 {[%clk 0:21:50]}
Ke3 {[%clk 0:54:53]} 60. Kg2 {[%clk 0:21:34]} Kd2 {[%clk 0:55:07]} 61. Kg3 {[%clk
0:21:46]} Kc3 {[%clk 0:55:24]} 0-1

[Event "Greek Team Championship"]
[Site "chess24.com"]
[Date "2017.07.05"]
[Round "4"]
[White "Georganas, Panayotis"]
[Black "Halkias, Alexandros"]
[Result "1-0"]
[Board "1"]
[WhiteElo "2018"]
[WhiteCountry "GRE"]
[WhiteFideId "4269870"]
[WhiteEloChange "12"]
[BlackElo "2094"]
[BlackCountry "GRE"]
[BlackFideId "4203976"]
[BlackEloChange "-12"]

1. e4 {[%clk 1:30:52]} c6 {[%clk 1:30:44]} 2. d4 {[%clk 1:31:16]} d5 {[%clk
1:30:59]} 3. exd5 {[%clk 1:31:44]} cxd5 {[%clk 1:31:20]} 4. Nf3 {[%clk 1:32:27]}
Nf6 {[%clk 1:30:54]} 5. c4 {[%clk 1:32:39]} e6 {[%clk 1:30:41]} 6. Nc3 {[%clk
1:32:53]} Bb4 {[%clk 1:28:37]} 7. Bd2 {[%clk 1:32:33]} O-O {[%clk 1:26:27]} 8. a3
{[%clk 1:32:48]} Be7 {[%clk 1:24:10]} 9. c5 {[%clk 1:31:59]} Nc6 {[%clk 0:57:10]}
10. b4 {[%clk 1:32:11]} Ne4 {[%clk 0:35:17]} 11. b5 {[%clk 1:32:29]} Nxd2 {[%clk
0:34:27]} 12. Qxd2 {[%clk 1:32:53]} Na5 {[%clk 0:34:29]} 13. Rb1 {[%clk 1:32:37]}
b6 {[%clk 0:28:11]} 14. cxb6 {[%clk 1:30:09]} axb6 {[%clk 0:28:18]} 15. a4 {[%clk
1:30:30]} Bb7 {[%clk 0:28:13]} 16. Be2 {[%clk 1:30:55]} Rc8 {[%clk 0:28:00]} 17.
O-O {[%clk 1:30:49]} f6 {[%clk 0:25:08]} 18. Rfc1 {[%clk 1:25:18]} Bd6 {[%clk
0:24:35]} 19. Qa2 {[%clk 1:16:22]} Rc7 {[%clk 0:19:28]} 20. Nd1 {[%clk 1:14:46]}
Qd7 {[%clk 0:16:13]} 21. Rxc7 {[%clk 1:08:29]} Qxc7 {[%clk 0:16:40]} 22. Ne3
{[%clk 1:07:33]} Rc8 {[%clk 0:16:52]} 23. g3 {[%clk 1:04:28]} Qc3 {[%clk
0:10:14]} 24. Bd1 {[%clk 0:49:15]} Nc4 {[%clk 0:06:03]} 25. Rb3 {[%clk 0:48:56]}
Qc1 {[%clk 0:06:03]} 26. Rb1 {[%clk 0:48:55]} Qc3 {[%clk 0:05:54]} 27. Rb3 {[%clk
0:48:55]} Qa5 {[%clk 0:06:13]} 28. Be2 {[%clk 0:32:06]} e5 {[%clk 0:04:12]} 29.
dxe5 {[%clk 0:31:26]} Nxe3 {[%clk 0:03:18]} 30. Rxe3 {[%clk 0:31:18]} Rc1+ {[%clk
0:03:20]} 31. Kg2 {[%clk 0:31:40]} fxe5 {[%clk 0:03:30]} 32. Nxe5 {[%clk
0:24:31]} Bc5 {[%clk 0:03:06]} 33. Bf3 {[%clk 0:24:16]} Bxe3 {[%clk 0:02:08]} 34.
Bxd5+ {[%clk 0:24:42]} Kf8 {[%clk 0:02:16]} 35. Bxb7 {[%clk 0:24:52]} Rc7 {[%clk
0:02:28]} 36. Qd5 {[%clk 0:25:00]} Qd2 {[%clk 0:02:29]} 37. Qf3+ {[%clk 0:25:06]}
Ke7 {[%clk 0:01:44]} 38. Bc6 {[%clk 0:21:20]} Ke6 {[%clk 0:00:36]} 39. Nc4 {[%clk
0:51:45]} Qxf2+ {[%clk 0:30:44]} 40. Qxf2 {[%clk 0:52:07]} Bxf2 {[%clk 0:31:12]}
41. Kxf2 {[%clk 0:52:29]} Ra7 {[%clk 0:27:43]} 42. Nxb6 {[%clk 0:52:49]} Rf7+
{[%clk 0:25:34]} 43. Ke3 {[%clk 0:52:51]} Kd6 {[%clk 0:25:39]} 44. a5 {[%clk
0:52:44]} Kc7 {[%clk 0:25:50]} 45. Nd5+ {[%clk 0:53:03]} Kb8 {[%clk 0:26:11]} 46.
b6 {[%clk 0:52:45]} 1-0